书目信息 |
| 题名: |
科学年鉴
|
|
| 作者: | 诺尔特 主编 | |
| 分册: | ||
| 出版信息: | 北京 科学出版社 1983.9 |
|
| 页数: | 264页 | |
| 开本: | 26cm | |
| 丛书名: | ||
| 单 册: | ||
| 中图分类: | N54 | |
| 科图分类: | ||
| 主题词: | 自然科学--年鉴 , 自然科学--年刊 | |
| 电子资源: | ||
| ISBN: | ||
| 000 | 00600nam0 2200217 45 | |
| 001 | 0312221749 | |
| 005 | 20041224112448.9 | |
| 010 | @dCNY2.10 | |
| 091 | @a13031.2355 | |
| 100 | @a20031222d1983 km y0chiy0120 ea | |
| 101 | @achi@ceng | |
| 105 | @a z 000yy | |
| 200 | 1 | @a科学年鉴@AKe Xue Nian Jian@f(美)威廉H·诺尔特主编@F(Mei)Wei Lian H·Nuo Er Te Zhu Bian |
| 210 | @a北京@c科学出版社@d1983.9 | |
| 215 | @a264页@d26cm | |
| 606 | 0 | @a自然科学@x年鉴 |
| 606 | 0 | @a自然科学@x年刊 |
| 690 | @aN54@v3 | |
| 701 | 0 | @a诺尔特@4主编 |
| 801 | @aCN@bTSTCL@c20031222 | |
| 905 | @dN54@e120(1981)@f1@b94249 | |
| 科学年鉴/(美)威廉H·诺尔特主编.-北京:科学出版社,1983.9 |
| 264页;26cm |
| ISBN :CNY2.10 |
| ● |
| 相关链接 |
|
|
|
|
正题名:科学年鉴
索取号:N54/120(1981)
 
预约/预借
| 序号 | 登录号 | 条形码 | 馆藏地/架位号 | 状态 | 备注 |
| 1 | 0094249 | 001201540 | 第三借阅区/ [索取号:N54/120(1981)] | 在馆 | |
| 2 | 0094251 | 202088631 | 第二样本阅览室/ [索取号:N54/120(1981)] | 在馆 |